[Event "28th CRO-chT 1A-Men 2019"]
[Site "Mali Losinj"]
[Date "2019.10.06"]
[Round "9.17"]
[White "Zelcic, Robert"]
[Black "Filipovic, Marko"]
[Result "1-0"]
[WhiteElo "2508"]
[BlackElo "2349"]
[Annotator "ChessBase"]
[PlyCount "123"]
[EventDate "2019.09.28"]
[EventType "team-tourn"]
[EventCountry "CRO"]
[SourceTitle "playchess.com"]
[Source "ChessBase"]
[SourceQuality "1"]
[TimeControl "40/5400+30:1800+30"]

1. e4 {[%emt 0:00:30]} c5 {[%emt 0:00:30]} 2. Nf3 {[%emt 0:00:00]} d6 {[%emt 0:00:00]} 3. d4 {[%emt 0:00:00]} cxd4 {[%emt 0:00:00]} 4. Qxd4 {[%emt 0:00:00]} a6 {[%emt 0:00:30]} 5. h3 {[%emt 0:00:00]} Nc6 {[%emt 0:00:30]} 6. Qe3 {[%emt 0:00:00]} g6 {[%emt 0:03:30]} 7. Be2 {[%emt 0:09:00]} Bg7 {[%emt 0:02:30]} 8. O-O {[%emt 0:00:30]} Nf6 {[%emt 0:08:30]} 9. c4 {[%emt 0:00:00]} O-O {[%emt 0:00:30]} 10. Nc3 {[%emt 0:00:00]} Nd7 {[%emt 0:04:30]} 11. b3 {[%emt 0:00:30]} Qa5 {[%emt 0:02:30]} 12. Bb2 {[%emt 0:00:30]} Rb8 {[%emt 0:05:30]} 13. Rab1 {[%emt 0:16:30]} Nde5 {[%emt 0:14:30]} 14. Rfd1 {[%emt 0:05:30]} Nxf3+ {[%emt 0:16:30]} 15. Bxf3 {[%emt 0:00:30]} Be6 {[%emt 0:00:30]} 16. Be2 {[%emt 0:01:30]} Qc5 {[%emt 0:05:30]} 17. Qd2 {[%emt 0:07:30]} f5 {[%emt 0:07:30]} 18. Na4 {[%emt 0:01:30]} Qb4 {[%emt 0:05:30]} 19. Bxg7 {[%emt 0:01:30]} Kxg7 {[%emt 0:03:28]} 20. Qb2+ {[%emt 0:05:30]} Kg8 {[%emt 0:00:32]} 21. exf5 {[%emt 0:00:00]} Bxf5 {[%emt 0:01:15]} 22. Rbc1 {[%emt 0:00:00]} e5 {[%emt 0:05:55]} 23. Bf3 {[%emt 0:06:30]} Nd4 {[%emt 0:04:55]} 24. Bd5+ {[%emt 0:00:00]} Kg7 {[%emt 0:01:15]} 25. Rxd4 {[%emt 0:00:00]} b5 {[%emt 0:01:06]} 26. a3 {[%emt 0:00:30]} Qa5 {[%emt 0:00:12]} 27. cxb5 {[%emt 0:01:30]} axb5 {[%emt 0:01:38]} 28. b4 {[%emt 0:07:30]} Qd8 {[%emt 0:01:28]} 29. Rd2 {[%emt 0:04:30]} bxa4 {[%emt 0:00:09]} 30. f4 {[%emt 0:00:30]} Qb6+ {[%emt 0:00:51]} 31. Kh2 {[%emt 0:00:30]} Qe3 {[%emt 0:00:50]} 32. Rf1 {[%emt 0:01:30]} Rbc8 {[%emt 0:00:38]} 33. Rf3 {[%emt 0:02:30]} Qe1 {[%emt 0:00:27]} 34. Re2 {[%emt 0:00:00]} Qd1 {[%emt 0:00:25]} 35. Rd2 {[%emt 0:04:00]} Rc2 {[%emt 0:01:09]} 36. Qxc2 {[%emt 0:01:30]} Bxc2 {[%emt 0:00:28]} 37. Rxd1 {[%emt 0:00:00]} Bxd1 {[%emt 0:00:04]} 38. Rd3 {[%emt 0:00:00]} Bc2 {[%emt 0:01:18]} 39. Rc3 {[%emt 0:00:30]} Bd1 {[%emt 0:00:57]} 40. Rc1 {[%emt 0:00:00]} Be2 {[%emt 0:00:00]} 41. Re1 {[%emt 0:03:00]} Bb5 {[%emt 0:06:30]} 42. fxe5 {[%emt 0:00:30]} Rf5 {[%emt 0:00:30]} 43. g4 {[%emt 0:01:30]} Rxe5 {[%emt 0:05:30]} 44. Rxe5 {[%emt 0:00:30]} dxe5 {[%emt 0:00:30]} 45. g5 {[%emt 0:00:00]} h6 {[%emt 0:00:30]} 46. h4 {[%emt 0:00:00]} hxg5 {[%emt 0:00:30]} 47. hxg5 {[%emt 0:00:00]} Kf8 {[%emt 0:00:30]} 48. Kg3 {[%emt 0:02:00]} Ke7 {[%emt 0:02:12]} 49. Kf3 {[%emt 0:00:30]} Be8 {[%emt 0:02:28]} 50. Ke3 {[%emt 0:00:30]} Kd6 {[%emt 0:00:07]} 51. Bg8 {[%emt 0:00:30]} Bd7 {[%emt 0:01:18]} 52. Bf7 {[%emt 0:00:00]} Bf5 {[%emt 0:03:34]} 53. Be8 {[%emt 0:00:00]} Bc2 {[%emt 0:00:23]} 54. Kd2 {[%emt 0:00:30]} Ke7 {[%emt 0:05:03]} 55. Kxc2 {[%emt 0:00:30]} Kxe8 {[%emt 0:00:04]} 56. Kd3 {[%emt 0:00:30]} Kd7 {[%emt 0:00:25]} 57. Ke4 {[%emt 0:00:00]} Kd6 {[%emt 0:01:02]} 58. b5 {[%emt 0:00:00]} Kc5 {[%emt 0:00:15]} 59. Kxe5 {[%emt 0:00:30]} Kxb5 {[%emt 0:00:09]} 60. Kd5 {[%emt 0:00:30]} Kb6 {[%emt 0:00:56]} 61. Kc4 {[%emt 0:00:30]} Kc6 {[%emt 0:01:06]} 62. Kb4 {[%emt 0:00:00]} 1-0

[Event "28th CRO-chT 1A-Men 2019"]
[Site "Mali Losinj"]
[Date "2019.10.06"]
[Round "9.18"]
[White "Drmic, Tomislav"]
[Black "Jankovic, Alojzije"]
[Result "0-1"]
[WhiteElo "2224"]
[BlackElo "2535"]
[Annotator "ChessBase"]
[PlyCount "88"]
[EventDate "2019.09.28"]
[EventType "team-tourn"]
[EventCountry "CRO"]
[SourceTitle "playchess.com"]
[Source "ChessBase"]
[SourceQuality "1"]
[TimeControl "40/5400+30:1800+30"]

1. d4 {[%emt 0:00:30]} Nf6 {[%emt 0:00:30]} 2. Nc3 {[%emt 0:00:30]} d5 {[%emt 0:00:30]} 3. Bf4 {[%emt 0:00:00]} g6 {[%emt 0:00:30]} 4. h4 {[%emt 0:01:00]} h5 {[%emt 0:02:30]} 5. e3 {[%emt 0:03:30]} Bg7 {[%emt 0:00:30]} 6. Nf3 {[%emt 0:00:00]} Bg4 {[%emt 0:00:30]} 7. Qd2 {[%emt 0:00:00]} Bxf3 {[%emt 0:01:30]} 8. gxf3 {[%emt 0:00:30]} c6 {[%emt 0:00:30]} 9. O-O-O {[%emt 0:00:00]} b5 {[%emt 0:06:30]} 10. Kb1 {[%emt 0:01:00]} Nbd7 {[%emt 0:00:30]} 11. Bd3 {[%emt 0:02:30]} b4 {[%emt 0:10:30]} 12. Ne2 {[%emt 0:00:30]} Qb6 {[%emt 0:00:30]} 13. e4 {[%emt 0:06:30]} dxe4 {[%emt 0:02:30]} 14. fxe4 {[%emt 0:01:30]} Ng4 {[%emt 0:00:30]} 15. Be3 {[%emt 0:20:30]} Nxe3 {[%emt 0:09:30]} 16. fxe3 {[%emt 0:07:30]} e5 {[%emt 0:02:30]} 17. Bc4 {[%emt 0:01:30]} O-O {[%emt 0:00:30]} 18. Rhg1 {[%emt 0:01:30]} Kh7 {[%emt 0:04:30]} 19. Ng3 {[%emt 0:00:30]} Nf6 {[%emt 0:01:30]} 20. Qe2 {[%emt 0:14:30]} Rad8 {[%emt 0:08:30]} 21. Rdf1 {[%emt 0:01:30]} exd4 {[%emt 0:04:30]} 22. e5 {[%emt 0:00:30]} Ng4 {[%emt 0:00:30]} 23. Bxf7 {[%emt 0:02:30]} dxe3 {[%emt 0:09:30]} 24. Nxh5 {[%emt 0:04:30]} gxh5 {[%emt 0:14:01]} 25. Rxg4 {[%emt 0:03:30]} Qb5 {[%emt 0:05:00]} 26. Bg6+ {[%emt 0:21:56]} Kh8 {[%emt 0:10:09]} 27. Qxb5 {[%emt 0:02:19]} cxb5 {[%emt 0:00:29]} 28. Rxf8+ {[%emt 0:01:26]} Rxf8 {[%emt 0:02:45]} 29. Rg1 {[%emt 0:00:05]} Rf2 {[%emt 0:01:17]} 30. Bd3 {[%emt 0:00:28]} Bxe5 {[%emt 0:00:09]} 31. a3 {[%emt 0:01:33]} bxa3 {[%emt 0:01:01]} 32. bxa3 {[%emt 0:00:01]} Bc3 {[%emt 0:00:00]} 33. Rg5 {[%emt 0:00:51]} e2 {[%emt 0:00:39]} 34. Rxh5+ {[%emt 0:00:09]} Kg7 {[%emt 0:00:17]} 35. Bxe2 {[%emt 0:00:08]} Rxe2 {[%emt 0:00:00]} 36. Rxb5 {[%emt 0:00:10]} a5 {[%emt 0:01:20]} 37. Rc5 {[%emt 0:00:41]} Re3 {[%emt 0:00:27]} 38. Ka2 {[%emt 0:00:32]} Rh3 {[%emt 0:00:53]} 39. h5 {[%emt 0:00:18]} Kf6 {[%emt 0:00:37]} 40. Rc6+ {[%emt 0:00:00]} Ke5 {[%emt 0:00:00]} 41. Kb3 {[%emt 0:05:23]} Bb4+ {[%emt 0:17:11]} 42. c3 {[%emt 0:00:30]} Kd5 {[%emt 0:00:04]} 43. Rc8 {[%emt 0:01:30]} Bc5 {[%emt 0:01:11]} 44. Rh8 {[%emt 0:01:30]} Rxc3+ {[%emt 0:04:36]} 0-1

[Event "28th CRO-chT 1A-Men 2019"]
[Site "Mali Losinj"]
[Date "2019.10.06"]
[Round "9.19"]
[White "Tomashevsky, Evgeny"]
[Black "Georgiev, Kiril"]
[Result "1/2-1/2"]
[WhiteElo "2718"]
[BlackElo "2577"]
[Annotator "TA"]
[PlyCount "79"]
[EventDate "2019.09.28"]
[EventType "team-tourn"]
[EventCountry "CRO"]
[SourceTitle "playchess.com"]
[Source "ChessBase"]
[SourceQuality "1"]

{[%evp 19,79,24,19,32,37,41,35,32,35,35,35,35,36,35,35,50,39,38,42,43,58,11,8,-2,18,15,16,17,23,16,32,21,20,15,71,17,22,17,12,6,0,4,31,0,7,0,0,0,0,0,0,0,0,0,0,0,10,0,0,-8,8,0]} 1. d4 Nf6 2. c4 e6 3. Nf3 d5 4. Nc3 Be7 5. Bf4 O-O 6. a3 ({Predecessor:} 6. e3 c5 7. dxc5 Bxc5 {½-½ (21) Parligras,M (2603)-Georgiev,K (2644) Achaia 2017}) 6... c5 7. dxc5 Bxc5 8. e3 Nc6 9. Qc2 Qa5 10. Rd1 Be7 11. Be2 {D37: Queen's Gambit Declined: 5 Bf4} dxc4 $146 (11... Ne4 12. cxd5 Nxc3 13. Qxc3 Qxc3+ 14. bxc3 exd5 15. Rxd5 Bxa3 16. Nd4 Nxd4 17. exd4 b6 18. Kd2 Be6 {½-½ (95) Carlsen,M (2853)-Nakamura,H (2814) Saint Louis 2015}) 12. Bxc4 Bd7 13. O-O {White is slightly better.} Rfd8 14. Qb3 Qc5 {[#] White must now prevent ...Na5.} 15. Be2 Na5 16. Qa2 Nc6 17. Rc1 {Strongly threatening b4.} a6 18. b4 Qa7 19. Qb1 Rac8 20. Ne4 Nd5 21. Bg5 Qb8 (21... f6 $5 {[%cal Rf6g5]}) 22. Bxe7 Ncxe7 23. Nc5 Be8 24. Qb2 Qa7 25. Nd4 Qb6 26. Ndb3 Bb5 {[#]} (26... Qa7 $11) 27. Rfd1 (27. Na5 $1 $16) 27... Bxe2 $11 28. Qxe2 {And now Na5 would win.} Nc6 29. g3 h6 30. Kg2 Qc7 31. Nd2 Nf6 {The position is equal.} 32. Nce4 Nxe4 33. Nxe4 Rxd1 34. Qxd1 Rd8 35. Qc2 Rd5 36. Nc3 Rd8 37. Ne4 Rd5 38. Nc3 Rd8 39. Na4 Rd5 40. Nc3 {Accuracy: White = 47%, Black = 58%.} 1/2-1/2

[Event "28th CRO-chT 1A-Men 2019"]
[Site "Mali Losinj"]
[Date "2019.10.06"]
[Round "9.21"]
[White "Markus, Robert"]
[Black "Muse, Drazen"]
[Result "1-0"]
[WhiteElo "2599"]
[BlackElo "2357"]
[Annotator "ChessBase"]
[PlyCount "53"]
[EventDate "2019.09.28"]
[EventType "team-tourn"]
[EventCountry "CRO"]
[SourceTitle "playchess.com"]
[Source "ChessBase"]
[SourceQuality "1"]
[TimeControl "40/5400+30:1800+30"]

1. d4 {[%emt 0:00:30]} Nf6 {[%emt 0:00:30]} 2. c4 {[%emt 0:00:00]} g6 {[%emt 0:00:00]} 3. g3 {[%emt 0:00:00]} Bg7 {[%emt 0:00:00]} 4. Bg2 {[%emt 0:00:30]} O-O {[%emt 0:00:00]} 5. Nf3 {[%emt 0:03:30]} d6 {[%emt 0:00:00]} 6. O-O {[%emt 0:00:00]} c6 {[%emt 0:00:30]} 7. Nc3 {[%emt 0:00:00]} Qa5 {[%emt 0:00:00]} 8. e4 {[%emt 0:05:30]} Bg4 {[%emt 0:02:00]} 9. h3 {[%emt 0:03:30]} Bxf3 {[%emt 0:00:30]} 10. Bxf3 {[%emt 0:00:30]} Nfd7 {[%emt 0:00:30]} 11. Be3 {[%emt 0:06:30]} Na6 {[%emt 0:00:30]} 12. Rc1 {[%emt 0:03:30]} c5 {[%emt 0:16:30]} 13. dxc5 {[%emt 0:07:30]} Ndxc5 {[%emt 0:00:00]} 14. a3 {[%emt 0:04:30]} Ne6 {[%emt 0:02:00]} 15. Be2 {[%emt 0:06:30]} Nb8 {[%emt 0:05:30]} 16. Qb3 {[%emt 0:06:30]} Qc7 {[%emt 0:06:30]} 17. Nd5 {[%emt 0:06:30]} Qd7 {[%emt 0:00:30]} 18. c5 {[%emt 0:00:30]} dxc5 {[%emt 0:09:30]} 19. Rfd1 {[%emt 0:00:30]} Bd4 {[%emt 0:00:30]} 20. Bxd4 {[%emt 0:01:30]} cxd4 {[%emt 0:00:30]} 21. Nc7 {[%emt 0:06:30]} Nc6 {[%emt 0:03:30]} 22. Nxa8 {[%emt 0:00:30]} Rxa8 {[%emt 0:00:00]} 23. Qd5 {[%emt 0:04:30]} Rd8 {[%emt 0:02:00]} 24. Qxd7 {[%emt 0:00:30]} Rxd7 {[%emt 0:00:00]} 25. Bb5 {[%emt 0:03:30]} Ng5 {[%emt 0:06:00]} 26. f4 {[%emt 0:05:30]} Nxe4 {[%emt 0:00:30]} 27. Rxc6 {[%emt 0:00:00]} 1-0

[Event "28th CRO-chT 1A-Men 2019"]
[Site "Mali Losinj"]
[Date "2019.10.06"]
[Round "9.22"]
[White "Zovko, Mario"]
[Black "Kuljasevic, Davorin"]
[Result "0-1"]
[WhiteElo "2324"]
[BlackElo "2550"]
[Annotator "TA"]
[PlyCount "62"]
[EventDate "2019.09.28"]
[EventType "team-tourn"]
[EventCountry "CRO"]
[SourceTitle "playchess.com"]
[Source "ChessBase"]
[SourceQuality "1"]

{[%evp 18,120,0,0,0,0,0,0,0,0,0,0,0,0,0,0,0,0,0,0,0,-48,-34,-28,-9,-33,-33,-33,-33,-33,-33,-47,-47,-47,-50,-55,-52,-75,-64,-72,0,-45,0,-73,-66,-77,-70,-77,-77,-77,-77,-77,-77,-77,-77,-101,-100,-89,-59,-170,-168,-376,-368,-421,-199,-170,0,-379,-198,-166,-106,-259,-246,-253,-252,-239,-229,-399,-404,-383,-362,-338,-298,-420,-412,-412,-345,-520,-483,-731,-714,-1062,-1025,-1020,-987,-1372,-1341,-1218,-1251,-2015,-2220,-1982,-1479,-12839,-12839]} 1. e4 c5 2. c3 d5 3. exd5 Qxd5 4. d4 Nf6 5. Nf3 e6 6. Na3 Nc6 7. Nb5 Qd8 8. dxc5 Bxc5 9. Qxd8+ Kxd8 10. Bf4 Ne4 {B22: Sicilian: 2 c3} 11. Rd1+ (11. Ng5 Nxg5 12. Bxg5+ f6 13. Be3 Bxe3 14. fxe3 Ke7 15. O-O-O Ne5 16. Be2 Bd7 17. Nd4 Rac8 18. Rd2 {0-1 (57) Predojevic,B (2616)-Carlsen,M (2864) Lillehammer 2013}) 11... Bd7 12. Ng5 Bxf2+ {The position is equal.} 13. Ke2 Nxg5 14. Bxg5+ $146 ({Predecessor:} 14. Kxf2 Ne4+ 15. Kf3 Nf6 16. h3 e5 17. Be3 b6 18. g4 {0-1 (46) Camps,J (1851)-Susla,V (2090) LSS email 2014}) 14... f6 15. Bxf6+ gxf6 16. Kxf2 Ne5 17. Be2 Ke7 18. Nd4 h5 19. h4 Rag8 20. Rhe1 Rg6 21. g3 Rhg8 22. Rg1 Ng4+ 23. Bxg4 $1 Rxg4 24. Rge1 e5 25. Re3 Rc8 26. Rd2 Rgg8 27. Nc2 Bf5 28. Nd4 Bd7 29. Nc2 $1 Bf5 30. Nd4 $1 {[%cal Rd4f5]} Bg6 31. a4 b6 {Played: Rg8-d8} 0-1

[Event "28th CRO-chT 1A-Men 2019"]
[Site "Mali Losinj"]
[Date "2019.10.06"]
[Round "9.23"]
[White "Jovanic, Ognjen"]
[Black "Sindik, Ervin"]
[Result "1-0"]
[WhiteElo "2532"]
[BlackElo "2283"]
[Annotator "ChessBase"]
[PlyCount "83"]
[EventDate "2019.09.28"]
[EventType "team-tourn"]
[EventCountry "CRO"]
[SourceTitle "playchess.com"]
[Source "ChessBase"]
[SourceQuality "1"]
[TimeControl "40/5400+30:1800+30"]

1. d4 {[%emt 0:01:30]} Nf6 {[%emt 0:00:30]} 2. Nf3 {[%emt 0:00:00]} c5 {[%emt 0:00:30]} 3. e3 {[%emt 0:03:00]} g6 {[%emt 0:00:30]} 4. dxc5 {[%emt 0:04:30]} Qa5+ {[%emt 0:01:30]} 5. Bd2 {[%emt 0:02:30]} Qxc5 {[%emt 0:00:30]} 6. c4 {[%emt 0:00:30]} Ne4 {[%emt 0:02:30]} 7. Nc3 {[%emt 0:01:30]} Nxd2 {[%emt 0:00:30]} 8. Qxd2 {[%emt 0:00:30]} Bg7 {[%emt 0:00:30]} 9. Rc1 {[%emt 0:00:30]} b6 {[%emt 0:10:30]} 10. Be2 {[%emt 0:08:30]} Bb7 {[%emt 0:01:30]} 11. O-O {[%emt 0:00:00]} Na6 {[%emt 0:07:30]} 12. Rfd1 {[%emt 0:03:00]} Rd8 {[%emt 0:06:30]} 13. Nb5 {[%emt 0:04:30]} Nb4 {[%emt 0:11:30]} 14. a3 {[%emt 0:08:30]} Nc6 {[%emt 0:01:30]} 15. Nc7+ {[%emt 0:14:30]} Kf8 {[%emt 0:00:00]} 16. Nd5 {[%emt 0:00:30]} Qd6 {[%emt 0:05:00]} 17. Qc2 {[%emt 0:01:30]} Qb8 {[%emt 0:04:30]} 18. b4 {[%emt 0:00:30]} Ne5 {[%emt 0:03:30]} 19. Nxe5 {[%emt 0:08:30]} Bxe5 {[%emt 0:02:30]} 20. f4 {[%emt 0:01:30]} Bxd5 {[%emt 0:02:30]} 21. cxd5 {[%emt 0:04:30]} Bf6 {[%emt 0:01:30]} 22. Qc7 {[%emt 0:05:30]} Bb2 {[%emt 0:01:30]} 23. Qxb8 {[%emt 0:01:30]} Rxb8 {[%emt 0:00:30]} 24. Rc2 {[%emt 0:00:30]} Bf6 {[%emt 0:07:30]} 25. Rc7 {[%emt 0:00:30]} a5 {[%emt 0:01:30]} 26. Rxd7 {[%emt 0:03:30]} Kg7 {[%emt 0:00:30]} 27. d6 {[%emt 0:00:30]} exd6 {[%emt 0:01:30]} 28. Bc4 {[%emt 0:00:00]} Rhf8 {[%emt 0:00:30]} 29. R1xd6 {[%emt 0:01:00]} b5 {[%emt 0:04:30]} 30. Bd5 {[%emt 0:01:30]} axb4 {[%emt 0:00:30]} 31. axb4 {[%emt 0:00:00]} Bc3 {[%emt 0:00:00]} 32. Rc6 {[%emt 0:01:00]} Bd2 {[%emt 0:02:41]} 33. Kf2 {[%emt 0:02:41]} Rbe8 {[%emt 0:06:08]} 34. Rcc7 {[%emt 0:02:13]} Bxe3+ {[%emt 0:03:24]} 35. Kf3 {[%emt 0:00:05]} Bb6 {[%emt 0:00:40]} 36. Rxf7+ {[%emt 0:00:44]} Rxf7 {[%emt 0:00:28]} 37. Rxf7+ {[%emt 0:00:02]} Kh6 {[%emt 0:01:32]} 38. g4 {[%emt 0:01:19]} Re3+ {[%emt 0:03:44]} 39. Kg2 {[%emt 0:00:08]} Bd8 {[%emt 0:00:59]} 40. g5+ {[%emt 0:00:00]} Bxg5 {[%emt 0:00:00]} 41. fxg5+ {[%emt 0:01:18]} Kxg5 {[%emt 0:00:54]} 42. Rb7 {[%emt 0:00:30]} 1-0

[Event "28th CRO-chT 1A-Men 2019"]
[Site "Mali Losinj"]
[Date "2019.10.06"]
[Round "9.24"]
[White "Zivkovic, Nikola"]
[Black "Plenca, Jadranko"]
[Result "0-1"]
[WhiteElo "2139"]
[BlackElo "2461"]
[Annotator "ChessBase"]
[PlyCount "70"]
[EventDate "2019.09.28"]
[EventType "team-tourn"]
[EventCountry "CRO"]
[SourceTitle "playchess.com"]
[Source "ChessBase"]
[SourceQuality "1"]
[TimeControl "40/5400+30:1800+30"]

1. e4 {[%emt 0:00:30]} e5 {[%emt 0:03:30]} 2. Nf3 {[%emt 0:00:00]} Nc6 {[%emt 0:00:00]} 3. Bb5 {[%emt 0:00:00]} a6 {[%emt 0:00:00]} 4. Ba4 {[%emt 0:00:30]} Nf6 {[%emt 0:00:30]} 5. O-O {[%emt 0:00:00]} b5 {[%emt 0:00:30]} 6. Bb3 {[%emt 0:00:00]} Bb7 {[%emt 0:00:00]} 7. Re1 {[%emt 0:00:30]} Be7 {[%emt 0:00:00]} 8. c3 {[%emt 0:00:30]} O-O {[%emt 0:02:30]} 9. d4 {[%emt 0:00:30]} d6 {[%emt 0:00:30]} 10. Nbd2 {[%emt 0:01:30]} h6 {[%emt 0:00:00]} 11. Nf1 {[%emt 0:00:30]} Re8 {[%emt 0:00:00]} 12. Ng3 {[%emt 0:00:30]} Bf8 {[%emt 0:00:30]} 13. a4 {[%emt 0:01:30]} exd4 {[%emt 0:10:30]} 14. cxd4 {[%emt 0:00:30]} Na5 {[%emt 0:01:30]} 15. Bc2 {[%emt 0:00:30]} c5 {[%emt 0:00:30]} 16. d5 {[%emt 0:02:30]} g6 {[%emt 0:02:30]} 17. Nd2 {[%emt 0:03:30]} Bg7 {[%emt 0:01:30]} 18. f4 {[%emt 0:04:30]} c4 {[%emt 0:01:30]} 19. h3 {[%emt 0:05:30]} b4 {[%emt 0:00:30]} 20. Nf3 {[%emt 0:01:30]} b3 {[%emt 0:05:30]} 21. Bb1 {[%emt 0:03:30]} c3 {[%emt 0:01:30]} 22. bxc3 {[%emt 0:20:30]} b2 {[%emt 0:02:30]} 23. Bxb2 {[%emt 0:00:30]} Qb6+ {[%emt 0:00:30]} 24. Kh2 {[%emt 0:00:30]} Qxb2 {[%emt 0:01:30]} 25. Bd3 {[%emt 0:01:30]} Qxc3 {[%emt 0:01:30]} 26. Rc1 {[%emt 0:01:30]} Qa3 {[%emt 0:00:30]} 27. Rb1 {[%emt 0:01:30]} Rac8 {[%emt 0:01:30]} 28. Rb6 {[%emt 0:01:30]} Nd7 {[%emt 0:02:30]} 29. Rb1 {[%emt 0:01:30]} Rc3 {[%emt 0:00:30]} 30. Bf1 {[%emt 0:01:30]} Nc5 {[%emt 0:04:30]} 31. Qd2 {[%emt 0:05:30]} Nab3 {[%emt 0:04:30]} 32. Qf2 {[%emt 0:02:30]} Qxa4 {[%emt 0:02:30]} 33. e5 {[%emt 0:02:30]} Qxf4 {[%emt 0:01:30]} 34. e6 {[%emt 0:02:30]} fxe6 {[%emt 0:01:30]} 35. Kh1 {[%emt 0:00:30]} Bd4 {[%emt 0:01:30]} 0-1

[Event "28th CRO-chT 1A-Men 2019"]
[Site "Mali Losinj"]
[Date "2019.10.06"]
[Round "9.30"]
[White "Brumen, Dinko"]
[Black "Feletar, Darko"]
[Result "1/2-1/2"]
[WhiteElo "2317"]
[BlackElo "2356"]
[Annotator "ChessBase"]
[PlyCount "20"]
[EventDate "2019.09.28"]
[EventType "team-tourn"]
[EventCountry "CRO"]
[SourceTitle "playchess.com"]
[Source "ChessBase"]
[SourceQuality "1"]
[TimeControl "40/5400+30:1800+30"]

1. d4 {[%emt 0:00:30]} d5 {[%emt 0:00:30]} 2. Nf3 {[%emt 0:00:30]} Nf6 {[%emt 0:00:00]} 3. c4 {[%emt 0:00:00]} c6 {[%emt 0:00:00]} 4. cxd5 {[%emt 0:00:00]} cxd5 {[%emt 0:00:30]} 5. Nc3 {[%emt 0:00:30]} Nc6 {[%emt 0:00:00]} 6. Bf4 {[%emt 0:00:00]} Bf5 {[%emt 0:00:00]} 7. e3 {[%emt 0:00:00]} e6 {[%emt 0:00:00]} 8. Bd3 {[%emt 0:00:00]} Bxd3 {[%emt 0:00:00]} 9. Qxd3 {[%emt 0:00:00]} Bd6 {[%emt 0:00:30]} 10. Bxd6 {[%emt 0:00:00]} Qxd6 {[%emt 0:00:00]} 1/2-1/2